Pokemon de A-Z Gen 3 - Statistiques

Statistiques générales
  • Ce quiz a été pris 53 fois
  • Le résultat moyen est 17 sur 20
Statistiques - réponses
Lettre Type 1 Type 2 Stage Réponse % Correct
B Feu Combat 3/3 Braségali
100%
D Électrik . 1/2 Dynavolt
98%
T Ténèbres Spectre 1/1 Ténéfix
96%
W Eau . 2/2 Wailord
96%
F Eau Sol 2/3 Flobio
94%
H Combat . 2/2 Hariyama
94%
Z Normal . 1/2 Zigzaton
94%
K Psy Fée 2/3 Kirlia
91%
M Acier Fée 1/1 Mysdibule
91%
P Électrik . 1/1 Posipi
91%
R Plante Poison 2/3 (Depuis Gen 4) Rosélia
91%
A Dragon Vol 2/2 Altaria
87%
J Acier Psy 1/1 Jirachi
85%
O Glace . 2/2 Oniglali
85%
V Sol Dragon 2/3 Vibraninf
85%
C Plante Ténèbres 2/2 Cacturne
79%
N Insecte Vol 2/2 Ninjask
70%
S Roche Psy 1/1 Séléroc
70%
L Eau . 1/1 Lovdisc
64%
G Psy . 2/2 Groret
62%
Aucun quiz correspondant
Distribution des résultats
% des personnes avec chaque résultat
Percentile par nombre de réponses
Votre historique - résultats
Vous n’avez pas pris ce quiz